<?xml version="1.0" encoding="UTF-8"?>
<collection xmlns="http://www.loc.gov/MARC21/slim">
  <record>
    <leader>00000nam  2200000   4500</leader>
    <controlfield tag="001">INLIS000000000020411</controlfield>
    <controlfield tag="005">20250618094333</controlfield>
    <datafield tag="035" ind1="#" ind2="#">
      <subfield code="a">0010-0625000153</subfield>
    </datafield>
    <controlfield tag="007">ta</controlfield>
    <controlfield tag="008">250618################|##########|#|##</controlfield>
    <datafield tag="084" ind1="#" ind2="#">
      <subfield code="a">R 101 PKN II 2023</subfield>
    </datafield>
    <datafield tag="100" ind1=" " ind2="#">
      <subfield code="a">Fince Decima Hasibuan</subfield>
    </datafield>
    <datafield tag="245" ind1="1" ind2="#">
      <subfield code="a">Penerapan Strategic Transformasi Unit (STU) Guna Meningkatkan Pembangunan Reformasi Birokrasi Kementerian Desa, Pembangunan Daerah Tertinggal dan Transmigrasi /</subfield>
      <subfield code="c">Fince Decima Hasibuan</subfield>
    </datafield>
    <datafield tag="260" ind1="#" ind2="#">
      <subfield code="a">Jakarta :</subfield>
      <subfield code="b">Pusbangkom Pimnas dan Manajerial ASN,</subfield>
      <subfield code="c">2023</subfield>
    </datafield>
    <datafield tag="300" ind1="#" ind2="#">
      <subfield code="a">125 hlm. ;</subfield>
      <subfield code="c">30 cm</subfield>
    </datafield>
    <datafield tag="650" ind1="#" ind2="4">
      <subfield code="a">Strategi Transformasi Unit</subfield>
    </datafield>
    <datafield tag="650" ind1="#" ind2="4">
      <subfield code="a">Reformasi Birokrasi</subfield>
    </datafield>
    <datafield tag="520" ind1="#" ind2="#">
      <subfield code="a">Guna menjamin terwujudnya kualitas implementasi RB maka peran STU sebagai enabler (memberi kemudahan) dan tidak hanya bersifat ad hoc/sementara melainkan menyatu dalam pelaksanaan tugas dan fungsi sehari-hari. STU bertujuan untuk memastikan, mengawal, dan mendorong implementasi inisiatif-inisiatif strategis yang telah ditetapkan dalam cetak biru transformasi kelembagaan Kementerian, Desa. Implikasi terciptanya STU di Kemendes, PDTT akan memberikan pembaharuan dalam tata Kelola reformasi birokrasi yang agile, adaptif, sesuai kebutuhan organisasi, dan berdampak langsung bagi organisasi secara konkret.</subfield>
    </datafield>
    <datafield tag="990" ind1="#" ind2="#">
      <subfield code="a">2407101</subfield>
    </datafield>
  </record>
</collection>
